Barcelona Provincial Council : About us : So that nobody gets left behind So that nobody gets left behind
Descripción Física:
1 tríptic ; il. col ; 21 x 30 cm
Idioma:
Catalán , English
MARC
| LEADER | 00000nam a22000007a 4500 | ||
|---|---|---|---|
| 001 | 27631 | ||
| 003 | Arxiu | ||
| 005 | 20260324181158.0 | ||
| 008 | 230403b spa||||| |||| 00| 0 cat d | ||
| 017 | |a B 7205-2022 | ||
| 040 | |a agdb |b cat | ||
| 041 | |a eng | ||
| 110 | 1 | |a Barcelona (Catalunya : Província). |b Diputació |9 52408 | |
| 240 | |a Diputació de Barcelona : Qui som? : Perquè ningú es quedi enrere |l [anglès] | ||
| 245 | |a Barcelona Provincial Council : About us : |b So that nobody gets left behind | ||
| 260 | |a Barcelona : |b Diputació de Barcelona ; |c 2022 | ||
| 300 | |a 1 tríptic ; |b il. col ; |c 21 x 30 cm | ||
| 546 | |a També en català (R. 27629) i castellà (R. 27630) | ||
| 610 | 1 | 0 | |a Barcelona (Catalunya : Província). |b Diputació |9 52408 |
| 655 | 0 | |a Fulletons |9 55858 | |
| 710 | |9 56007 |a Barcelona (Catalunya : Província). |b Subdirecció d’Imatge Corporativa i Promoció Institucional | ||
| 942 | |2 udc |c ARXIU |n 1 | ||
| 952 | |0 0 |1 0 |2 udc |4 0 |6 FU7517 |7 1 |9 65919 |a Arxiu |b Arxiu |d 2023-04-03 |l 0 |o FU-75-17 |p 27631 |r 2023-04-03 00:00:00 |w 2023-04-03 |y ARXIU | ||
| 999 | |c 83296 |d 83296 | ||